| 000 | 00847cam a2200217 4500 | ||
|---|---|---|---|
| 001 | ABS64329 | ||
| 008 | 010906n2001 000 0 eng u | ||
| 035 | _a(Sirsi) u114465 | ||
| 100 | _aFarey, M | ||
| 245 | _aHydraulic lime - a material for the 21st century | ||
| 260 | _c2001 | ||
| 490 |
_aFaculty of Building Journal _v10(4) August 2001, 13-15(3) |
||
| 520 | _aStudies the reasons why conservation bodies recommend lime mortars rather than Portland cement in the repair of historic buildings. Describes the resurrection of the use of hydraulic lime in modern buildings and provides practical information in using hydraulic lime. | ||
| 590 | _aABS | ||
| 650 | _aHYDRAULIC LIME | ||
| 650 | _aPORTLAND CEMENT | ||
| 650 | _aHISTORIC BUILDINGS | ||
| 650 | _aLIME MORTARS | ||
| 690 | _aBUILT ENVIRONMENT-BUILDING MATERIALS | ||
| 942 | _n0 | ||
| 999 |
_c68184 _d68184 |
||